| 000 | 00544 a2200193 4500 | ||
|---|---|---|---|
| 005 | 20260209164543.0 | ||
| 008 | 260209b |||||||| |||| 00| 0 eng d | ||
| 020 |
_a9789362246523 _cRs. 2300.00 |
||
| 040 | _aMAIN | ||
| 082 |
_a363.285 _bN143F |
||
| 100 | _aNaidu, Bhaktha, ed. | ||
| 245 | _aFingerprint examination and individualization | ||
| 260 |
_bDiscovery Publishing House _c2025 _aNew Delhi |
||
| 300 | _av, 221 | ||
| 650 | _aForensic Science | ||
| 650 | _aFingerprint Analysis | ||
| 650 | _aCriminal Identification | ||
| 942 | _cBK | ||
| 999 |
_c394377 _d394377 |
||